[Event "Andranik Margaryan Mem"]
[Site "Yerevan ARM"]
[Date "2017.01.08"]
[Round "1.1"]
[White "Paravyan, David"]
[Black "Babujian, Levon"]
[Result "0-1"]
[WhiteTitle "IM"]
[BlackTitle "GM"]
[WhiteElo "2540"]
[BlackElo "2434"]
[WhiteFideId "4194985"]
[BlackFideId "13301993"]
[EventDate "2017.01.08"]

1. d4 Nf6 2. Nf3 e6 3. Bg5 d5 4. e3 h6 5. Bh4 Nbd7 6. c4 c5 7. cxd5 Qa5+ 8. Nbd2
exd5 9. dxc5 Bxc5 10. Be2 Qb6 11. Qc2 O-O 12. O-O Re8 13. Rac1 Ne4 14. Nxe4 dxe4
15. Nd2 Qg6 16. Rfd1 Bf8 17. Bg3 Nc5 18. Nc4 Be6 19. Nd6 Bxd6 20. Rxd6 Nd3 21.
Rd1 Rac8 22. Qd2 Red8 23. Rxd8+ Rxd8 24. Qa5 Qf6 25. b3 Rc8 26. Qxa7 Rc2 27.
Qb8+ Kh7 28. Bxd3 exd3 29. Qe5 Rxa2 30. h4 d2 31. Qb5 Qc3 32. Kh2 Qxb3 33. Qh5
Qd5 34. Qe2 Qc4 0-1

[Event "Andranik Margaryan Mem"]
[Site "Yerevan ARM"]
[Date "2017.01.08"]
[Round "1.2"]
[White "Baghdasaryan, Vahe"]
[Black "Bogdanovich, Stanislav"]
[Result "1-0"]
[WhiteTitle "IM"]
[BlackTitle "IM"]
[WhiteElo "2490"]
[BlackElo "2595"]
[WhiteFideId "13303139"]
[BlackFideId "14115298"]
[EventDate "2017.01.08"]

1. c4 e5 2. Nc3 Nf6 3. Nf3 Nc6 4. e4 Bb4 5. d3 d6 6. a3 Bxc3+ 7. bxc3 Ne7 8. g3
Ng6 9. Bg2 O-O 10. O-O c6 11. Rb1 d5 12. cxd5 cxd5 13. exd5 Qxd5 14. Re1 Qa5 15.
c4 Re8 16. Rb5 Qc7 17. Bb2 Ng4 18. h3 a6 19. Rd5 Nf6 20. Bxe5 Nxe5 21. Rdxe5 Bd7
22. Qb3 Bc6 23. d4 Rxe5 24. Rxe5 Rd8 25. d5 Be8 26. Re1 b5 27. Nd2 h6 28. cxb5
Bxb5 29. a4 Be8 30. Nc4 Rb8 31. d6 Qc8 32. Qa2 Rb4 33. Ne5 Qc3 34. Re3 Qc1+ 35.
Kh2 Rxa4 36. Qb3 Ra1 37. Nf3 Rb1 38. Rxe8+ Nxe8 39. d7 Rxb3 40. dxe8=Q+ Kh7 41.
Qxf7 1-0

[Event "Andranik Margaryan Mem"]
[Site "Yerevan ARM"]
[Date "2017.01.08"]
[Round "1.3"]
[White "Hayrapetyan, Hovik"]
[Black "Plat, Vojtech"]
[Result "1/2-1/2"]
[WhiteTitle "GM"]
[BlackTitle "IM"]
[WhiteElo "2498"]
[BlackElo "2520"]
[WhiteFideId "13302639"]
[BlackFideId "325740"]
[EventDate "2017.01.08"]

1. d4 f5 2. c4 Nf6 3. Nc3 g6 4. g3 Bg7 5. Bg2 O-O 6. Nf3 d6 7. O-O Qe8 8. Re1
Qf7 9. d5 Ne4 10. Ng5 Nxc3 11. bxc3 Qf6 12. Rb1 Na6 13. Ne6 Bxe6 14. dxe6 Nc5
15. Be3 f4 16. Bxc5 dxc5 17. Bxb7 Rad8 18. Qc2 fxg3 19. fxg3 Qf2+ 20. Kh1 Qe3
21. Red1 Rxd1+ 22. Rxd1 Bxc3 23. Qd3 Qe5 24. Bf3 Bd4 25. Kg2 Rb8 26. e3 Qxe3 27.
Qxe3 Bxe3 28. Rd3 Rb2+ 29. Kh1 Bd4 30. Ra3 Kg7 31. Rxa7 Be5 32. a4 Kf6 33. Ra8
Kxe6 34. a5 Ra2 35. a6 Bd6 36. Rh8 Rxa6 37. Rxh7 Kf6 38. Rh4 Be5 39. Re4 Bd4 40.
Kg2 Ra1 41. Rf4+ Kg7 42. Bd5 Ra2+ 43. Kf3 Rxh2 44. Rf7+ Kh6 45. Rxe7 Kg5 46. Re2
Rh1 47. Kg2 Rg1+ 48. Kh2 Rc1 49. Kh3 Rc3 50. Re4 c6 51. Bxc6 Rxc4 52. Be8 Rc3 1/2-1/2

[Event "Andranik Margaryan Mem"]
[Site "Yerevan ARM"]
[Date "2017.01.08"]
[Round "1.4"]
[White "Mikaelyan, Arman"]
[Black "Aghasaryan, Robert"]
[Result "1/2-1/2"]
[WhiteTitle "IM"]
[BlackTitle "GM"]
[WhiteElo "2432"]
[BlackElo "2524"]
[WhiteFideId "13304852"]
[BlackFideId "13302841"]
[EventDate "2017.01.08"]

1. d4 d5 2. Nf3 Nf6 3. Bf4 c5 4. e3 cxd4 5. exd4 Nc6 6. Nbd2 g6 7. c3 Bg7 8. Bd3
O-O 9. O-O Nh5 10. Bg5 Qc7 11. Re1 Re8 12. Nf1 Qd6 13. Ng3 Bg4 14. Nxh5 Bxh5 15.
h3 Bxf3 16. Qxf3 a6 17. Re3 Qd7 18. Rae1 b5 19. a3 e5 20. dxe5 Nxe5 21. Qe2 Re6
22. Qc2 Rae8 23. Bf1 d4 24. cxd4 Qxd4 25. Rd1 Qb6 26. Qb3 h6 27. Bf4 Qc6 28. Rc3
Qe4 29. Bg3 Qf5 30. Rc7 Nc4 31. Bxc4 bxc4 32. Rxc4 Re1+ 33. Kh2 Rxd1 34. Qxd1
Bxb2 35. Qd2 Bxa3 36. Ra4 Bf8 1/2-1/2

[Event "Andranik Margaryan Mem"]
[Site "Yerevan ARM"]
[Date "2017.01.08"]
[Round "1.5"]
[White "Hakobyan, Aram"]
[Black "Gordievsky, Dmitry"]
[Result "0-1"]
[WhiteTitle "FM"]
[BlackTitle "IM"]
[WhiteElo "2422"]
[BlackElo "2562"]
[WhiteFideId "13306677"]
[BlackFideId "24112798"]
[EventDate "2017.01.08"]

1. d4 Nf6 2. Nf3 g6 3. c4 Bg7 4. Nc3 d5 5. h4 c6 6. cxd5 Nxd5 7. h5 Bg4 8. h6
Bf6 9. Ne4 O-O 10. Nxf6+ exf6 11. e3 Re8 12. Be2 Nd7 13. O-O f5 14. Re1 Bxf3 15.
Bxf3 N7f6 16. Qb3 Rb8 17. g3 Ne4 18. Kg2 Ndf6 19. Qd1 Qd7 20. Rh1 Ng4 21. Bxe4
fxe4 22. b3 Nf6 23. Ba3 Nd5 24. Rc1 Re6 25. b4 Rbe8 26. Qe2 a6 27. Rh4 Rf6 28.
Bb2 g5 29. Rh5 Rg6 30. a3 f5 31. Kh1 Ree6 32. Kg1 f4 33. Re1 f3 34. Qf1 g4 35.
Rh4 Ref6 36. Rh5 Rxh6 37. Rg5+ Rfg6 38. Re5 Rh3 0-1

[Event "Andranik Margaryan Mem"]
[Site "Yerevan ARM"]
[Date "2017.01.09"]
[Round "2.1"]
[White "Babujian, Levon"]
[Black "Gordievsky, Dmitry"]
[Result "0-1"]
[WhiteTitle "GM"]
[BlackTitle "IM"]
[WhiteElo "2434"]
[BlackElo "2562"]
[WhiteFideId "13301993"]
[BlackFideId "24112798"]
[EventDate "2017.01.08"]

1. c4 g6 2. Nc3 c5 3. Nf3 Bg7 4. e3 Nf6 5. d4 O-O 6. d5 e6 7. Be2 exd5 8. cxd5
d6 9. O-O Re8 10. Nd2 Nbd7 11. a4 a6 12. h3 h6 13. a5 b5 14. axb6 Nxb6 15. Nb3
Qc7 16. Na5 Bf5 17. g4 Bd7 18. Bf3 Bb5 19. Re1 Nfd7 20. Bg2 c4 21. Qc2 Ne5 22.
Rd1 Rec8 23. e4 g5 24. Be3 Nbd7 25. Ne2 Nd3 26. Nd4 Bxd4 27. Bxd4 N7e5 28. Ra3
f6 29. Qd2 Qh7 30. Qe3 Nf4 31. Rc3 h5 32. f3 hxg4 33. fxg4 Re8 34. Rf1 Nxg2 35.
Kxg2 Nxg4 36. hxg4 Rxe4 37. Nc6 Rxe3 38. Rxe3 Bxc6 39. dxc6 Rf8 40. Bxf6 Qc7 41.
Rf5 Qxc6+ 42. Ref3 Kh7 43. Kf2 Qe4 44. Kg3 Qe1+ 45. Kg2 Re8 46. Bd4 Qd2+ 47. Bf2
Rg8 48. Rh3+ Kg6 49. Re3 Qxb2 50. Re6+ Kh7 51. Rxd6 Qb7+ 52. Rfd5 Rg7 53. Bd4
Re7 54. Rd8 Qc6 55. Kg3 Qe6 56. Rxg5 Qe1+ 57. Bf2 Qc3+ 58. Kh4 Qb2 59. Bg3 Qf6
60. Rd6 Re6 61. Rd7+ Kh6 62. Rd5 c3 63. Rf5 Qe7 64. Bf4 c2 65. Rc5 Re4 66. Rc6+
Kh7 67. Bc1 Rxg4+ 68. Kxg4 Qe4+ 69. Kg3 Qxc6 70. Kf2 Qh1 71. Rg1 Qh2+ 72. Rg2
Qh4+ 73. Kf1 Qh1+ 74. Rg1 Qf3+ 75. Ke1 a5 76. Rf1 Qd1+ 77. Kf2 a4 78. Rg1 Qd4+
79. Be3 Qd3 80. Bc1 a3 81. Rg3 Qxg3+ 0-1

[Event "Andranik Margaryan Mem"]
[Site "Yerevan ARM"]
[Date "2017.01.09"]
[Round "2.2"]
[White "Aghasaryan, Robert"]
[Black "Hakobyan, Aram"]
[Result "1/2-1/2"]
[WhiteTitle "GM"]
[BlackTitle "FM"]
[WhiteElo "2524"]
[BlackElo "2422"]
[WhiteFideId "13302841"]
[BlackFideId "13306677"]
[EventDate "2017.01.08"]

1. c4 e6 2. g3 Nf6 3. Bg2 a6 4. Nf3 b5 5. b3 Bb7 6. O-O c5 7. Nc3 Qb6 8. Re1 d6
9. e3 Be7 10. d4 O-O 11. d5 exd5 12. cxd5 Nbd7 13. Nh4 g6 14. e4 Rfe8 15. h3 Bf8
16. Bd2 Bg7 17. Qc2 Re7 18. Rad1 Rae8 1/2-1/2

[Event "Andranik Margaryan Mem"]
[Site "Yerevan ARM"]
[Date "2017.01.09"]
[Round "2.3"]
[White "Plat, Vojtech"]
[Black "Mikaelyan, Arman"]
[Result "1/2-1/2"]
[WhiteTitle "IM"]
[BlackTitle "IM"]
[WhiteElo "2520"]
[BlackElo "2432"]
[WhiteFideId "325740"]
[BlackFideId "13304852"]
[EventDate "2017.01.08"]

1. d4 d5 2. c4 c6 3. Nc3 Nf6 4. cxd5 cxd5 5. Bf4 Nc6 6. e3 Bf5 7. Qb3 Na5 8.
Qa4+ Bd7 9. Qc2 e6 10. Bd3 Nc6 11. a3 Nh5 12. Bg3 Nxg3 13. hxg3 g6 14. f4 Bg7
15. Nf3 Rc8 16. Kf2 Qe7 17. b4 a5 18. bxa5 Nxa5 19. Qb2 O-O 20. Rhc1 Qd6 21. Ne5
Rc7 22. Ne2 Rfc8 23. Rxc7 Rxc7 24. Rc1 Be8 25. Qb4 Qxb4 26. axb4 Rxc1 27. Nxc1
Nc6 28. Nxc6 Bxc6 29. b5 Bd7 30. Nb3 Bf6 31. Nc5 Bc8 32. Na4 Bd8 33. e4 dxe4 34.
Bxe4 Kf8 35. Ke3 Ke7 36. Nc5 b6 37. Nb3 f5 38. Bc6 Bd7 39. Bxd7 Kxd7 40. Nd2 Be7
41. Nc4 Kc7 42. Ne5 Bb4 43. g4 Ba3 44. Nc4 Bf8 45. Ne5 1/2-1/2

[Event "Andranik Margaryan Mem"]
[Site "Yerevan ARM"]
[Date "2017.01.09"]
[Round "2.4"]
[White "Bogdanovich, Stanislav"]
[Black "Hayrapetyan, Hovik"]
[Result "1-0"]
[WhiteTitle "IM"]
[BlackTitle "GM"]
[WhiteElo "2595"]
[BlackElo "2498"]
[WhiteFideId "14115298"]
[BlackFideId "13302639"]
[EventDate "2017.01.08"]

1. e4 c5 2. Nf3 e6 3. d4 cxd4 4. Nxd4 a6 5. c4 Nf6 6. Nc3 Qc7 7. Be2 b6 8. O-O
Bb7 9. Qd3 Nc6 10. Nxc6 dxc6 11. Rd1 Rd8 12. Bf4 Qc8 13. Qg3 Rxd1+ 14. Rxd1 Nd7
15. Bc7 g6 16. Na4 Be7 17. Bd6 Bd8 18. c5 b5 19. Nc3 f6 20. Bg4 f5 21. exf5 exf5
22. Bxf5 gxf5 23. Qg7 Bf6 24. Re1+ Kd8 25. Qf7 Ba8 26. Re7 Bxc3 27. bxc3 1-0

[Event "Andranik Margaryan Mem"]
[Site "Yerevan ARM"]
[Date "2017.01.09"]
[Round "2.5"]
[White "Paravyan, David"]
[Black "Baghdasaryan, Vahe"]
[Result "1-0"]
[WhiteTitle "IM"]
[BlackTitle "IM"]
[WhiteElo "2540"]
[BlackElo "2490"]
[WhiteFideId "4194985"]
[BlackFideId "13303139"]
[EventDate "2017.01.08"]

1. e4 c5 2. Nf3 d6 3. d4 cxd4 4. Nxd4 Nf6 5. Nc3 a6 6. Bg5 e6 7. f4 Qb6 8. Qd2
Nc6 9. Nb3 Ng4 10. f5 Be7 11. Bf4 O-O 12. O-O-O Nge5 13. g3 Qd8 14. Bh3 Nc4 15.
Qe2 b5 16. Kb1 Bf6 17. e5 Bxe5 18. Bg2 Qc7 19. Bxe5 N4xe5 20. f6 d5 21. Rhf1 b4
22. Bxd5 exd5 23. Nxd5 Qb7 24. Na5 Qb5 25. Qe3 Qxa5 26. Qg5 Ng6 27. Ne7+ Kh8 28.
fxg7+ Kxg7 29. Qf6+ Kh6 30. Rd5 Qb6 31. Nxc8 Raxc8 32. g4 Ne5 1-0

[Event "Andranik Margaryan Mem"]
[Site "Yerevan ARM"]
[Date "2017.01.10"]
[Round "3.1"]
[White "Baghdasaryan, Vahe"]
[Black "Babujian, Levon"]
[Result "0-1"]
[WhiteTitle "IM"]
[BlackTitle "GM"]
[WhiteElo "2490"]
[BlackElo "2434"]
[WhiteFideId "13303139"]
[BlackFideId "13301993"]
[EventDate "2017.01.08"]

1. Nf3 Nf6 2. c4 e6 3. b3 d5 4. Bb2 Be7 5. e3 O-O 6. Be2 c5 7. O-O dxc4 8. bxc4
b6 9. Ne5 Bb7 10. Bf3 Qc8 11. a4 Na6 12. Ra3 Nb4 13. Bxb7 Qxb7 14. Ng4 Ne4 15.
d3 Nd6 16. f4 Rad8 17. Nd2 Nf5 18. Ne4 f6 19. Qe2 Nh4 20. g3 Nf5 21. Ngf2 Rd7
22. Bc3 Rfd8 23. g4 Nh4 24. g5 f5 25. Qh5 Ng6 26. Ng3 Nxd3 27. Nxd3 Rxd3 28. e4
Qd7 29. exf5 exf5 30. Qe2 Bf8 31. Nh5 Re8 32. Qb2 Ree3 33. a5 Rf3 34. Re1 Rxc3 0-1

[Event "Andranik Margaryan Mem"]
[Site "Yerevan ARM"]
[Date "2017.01.10"]
[Round "3.2"]
[White "Hayrapetyan, Hovik"]
[Black "Paravyan, David"]
[Result "1-0"]
[WhiteTitle "GM"]
[BlackTitle "IM"]
[WhiteElo "2498"]
[BlackElo "2540"]
[WhiteFideId "13302639"]
[BlackFideId "4194985"]
[EventDate "2017.01.08"]

1. d4 Nf6 2. Nf3 e6 3. e3 g6 4. c4 Bg7 5. Nc3 O-O 6. Be2 b6 7. O-O Bb7 8. Qc2 d6
9. Rd1 Qe7 10. b4 e5 11. Bb2 exd4 12. Nxd4 Nc6 13. Nxc6 Bxc6 14. Nd5 Nxd5 15.
cxd5 Ba4 16. Qxa4 Bxb2 17. Rab1 Bg7 18. b5 f5 19. Rb4 Be5 20. Qc2 Rae8 21. g3
Qd8 22. Rc4 Re7 23. Rc1 Rff7 24. Ra4 g5 25. Bh5 Rf8 26. f4 Bg7 27. Kf2 Kh8 28.
Rc4 Qa8 29. Qd3 gxf4 30. exf4 Qd8 31. a4 Bb2 32. R1c2 Bg7 33. Kg2 Ba1 34. Re2
Rg7 35. Rc1 Qh4 36. Qf3 Qf6 37. Qd3 Rfg8 38. Re6 Qb2+ 39. Rc2 Qb4 40. Qxf5 Qxa4
41. Rce2 Qxb5 42. Re8 h6 43. R2e6 Rxe8 44. Bxe8 Qb2+ 45. Kh3 Kg8 46. Bh5 1-0

[Event "Andranik Margaryan Mem"]
[Site "Yerevan ARM"]
[Date "2017.01.10"]
[Round "3.3"]
[White "Mikaelyan, Arman"]
[Black "Bogdanovich, Stanislav"]
[Result "1-0"]
[WhiteTitle "IM"]
[BlackTitle "IM"]
[WhiteElo "2432"]
[BlackElo "2595"]
[WhiteFideId "13304852"]
[BlackFideId "14115298"]
[EventDate "2017.01.08"]

1. d4 Nf6 2. c4 e6 3. Nf3 d5 4. Nc3 dxc4 5. e4 Bb4 6. Bg5 c5 7. Bxc4 cxd4 8.
Nxd4 Bxc3+ 9. bxc3 Qa5 10. Bxf6 Qxc3+ 11. Kf1 gxf6 12. Rc1 Qa5 13. h4 Ke7 14.
Rh3 Rd8 15. Re3 Nc6 16. Nf5+ exf5 17. exf5+ Ne5 18. Qh5 Kd6 19. Qh6 Kc7 20. Qxf6
Nc6 21. Qxf7+ Kb8 22. Be6 Qc7 23. Qf6 Qh2 24. Qxd8 1-0

[Event "Andranik Margaryan Mem"]
[Site "Yerevan ARM"]
[Date "2017.01.10"]
[Round "3.4"]
[White "Hakobyan, Aram"]
[Black "Plat, Vojtech"]
[Result "1-0"]
[WhiteTitle "FM"]
[BlackTitle "IM"]
[WhiteElo "2422"]
[BlackElo "2520"]
[WhiteFideId "13306677"]
[BlackFideId "325740"]
[EventDate "2017.01.08"]

1. d4 f5 2. Bg5 g6 3. e3 Bg7 4. Nc3 Nf6 5. h4 h6 6. Bxf6 Bxf6 7. Nge2 e6 8. Nf4
Rg8 9. g4 c5 10. gxf5 cxd4 11. exd4 Qb6 12. fxe6 dxe6 13. Bb5+ Kf7 14. Qf3 Qxd4
15. Ne4 Ke7 16. Rd1 Qe5 17. O-O g5 18. Nh5 Bh8 19. Qa3+ Kf7 20. Nd6+ Kg6 21. Qf3 1-0

[Event "Andranik Margaryan Mem"]
[Site "Yerevan ARM"]
[Date "2017.01.10"]
[Round "3.5"]
[White "Gordievsky, Dmitry"]
[Black "Aghasaryan, Robert"]
[Result "0-1"]
[WhiteTitle "IM"]
[BlackTitle "GM"]
[WhiteElo "2562"]
[BlackElo "2524"]
[WhiteFideId "24112798"]
[BlackFideId "13302841"]
[EventDate "2017.01.08"]

1. Nf3 Nf6 2. g3 b6 3. d4 Bb7 4. c4 c5 5. d5 b5 6. Bg2 bxc4 7. Nc3 d6 8. e4 Nbd7
9. Bf4 g6 10. e5 Nh5 11. Qa4 dxe5 12. Nxe5 Nxf4 13. gxf4 Bg7 14. O-O-O Bxe5 15.
fxe5 O-O 16. f4 e6 17. dxe6 Bxg2 18. Rhg1 Qh4 19. exd7 Qxf4+ 20. Rd2 Bh3 21. Re1
Rfd8 22. Nd5 Bxd7 23. Qd1 Qh6 24. Ne3 Qh4 25. Ng2 Qe7 26. Nf4 Qg5 27. Rxd7 Qxf4+
28. Qd2 Qxd2+ 29. Rxd2 Rd4 30. Rde2 Re8 31. Kc2 Kg7 32. Kc3 g5 33. a4 Kg6 34. e6
f6 35. a5 h5 36. Re4 Rxe4 37. Rxe4 f5 38. Rxc4 Rxe6 39. Rxc5 f4 40. Kd2 f3 41.
b4 g4 42. b5 f2 43. Rc1 h4 44. b6 axb6 45. axb6 Rxb6 46. Ke2 g3 47. Kf1 Re6 48.
h3 Re3 49. Rd1 Kf5 50. Ra1 Ke4 51. Kg2 Re1 0-1

[Event "Andranik Margaryan Mem"]
[Site "Yerevan ARM"]
[Date "2017.01.11"]
[Round "4.1"]
[White "Babujian, Levon"]
[Black "Aghasaryan, Robert"]
[Result "1/2-1/2"]
[WhiteTitle "GM"]
[BlackTitle "GM"]
[WhiteElo "2434"]
[BlackElo "2524"]
[WhiteFideId "13301993"]
[BlackFideId "13302841"]
[EventDate "2017.01.08"]

1. d4 d5 2. c4 e6 3. Nc3 Be7 4. Nf3 Nf6 5. Bg5 h6 6. Bh4 O-O 7. e3 b6 8. Rc1 Bb7
9. cxd5 Nxd5 10. Bxe7 Qxe7 11. Nxd5 Bxd5 12. a3 Rc8 13. Bd3 c5 14. O-O Nd7 15.
Ba6 Rd8 16. Qe2 Bxf3 17. Qxf3 cxd4 18. exd4 Nf6 19. Rc4 Rd5 20. Rfc1 Rad8 21.
Rc7 R5d7 22. Qb7 Nd5 23. Rxd7 Qxd7 24. Qxd7 Rxd7 25. Rc8+ Kh7 26. g3 Kg6 27. Ra8
Kf6 28. Kg2 Rc7 29. Bd3 Ke7 30. Be4 Nf6 31. Bf3 h5 32. b4 g6 33. b5 Ne8 34. Bc6
Nd6 35. a4 Nc4 36. d5 exd5 37. Bxd5 Nb2 38. Bb3 Nd3 39. Kf3 Nc5 40. Bd1 Kf6 41.
Rd8 Ne6 42. Rd3 Nc5 43. Rd5 Ne6 44. Ke3 Ke7 45. f4 Rc3+ 46. Kd2 Ra3 47. Bc2 h4
48. Rd3 Ra1 49. Kc3 Rh1 50. Rd2 hxg3 51. hxg3 Rg1 52. Rd3 Nc5 53. Re3+ Kd6 54.
Kb4 Rg2 55. Rc3 Rd2 56. Kc4 f5 57. Bb3 Re2 58. Bc2 Rd2 59. Bb3 Ne4 60. Rc1 Rg2
61. Kd4 Nc5 62. Rc3 Nxb3+ 63. Rxb3 Ra2 64. Rb4 Ra3 65. Rc4 Kd7 66. Ke5 Rxg3 67.
Rc6 Re3+ 68. Kd5 Rd3+ 69. Ke5 Re3+ 1/2-1/2

[Event "Andranik Margaryan Mem"]
[Site "Yerevan ARM"]
[Date "2017.01.11"]
[Round "4.2"]
[White "Plat, Vojtech"]
[Black "Gordievsky, Dmitry"]
[Result "1/2-1/2"]
[WhiteTitle "IM"]
[BlackTitle "IM"]
[WhiteElo "2520"]
[BlackElo "2562"]
[WhiteFideId "325740"]
[BlackFideId "24112798"]
[EventDate "2017.01.08"]

1. d4 c5 2. Nf3 cxd4 3. Nxd4 d5 4. g3 e5 5. Nb3 Nc6 6. Bg2 Be6 7. O-O Bb4 8. c3
Be7 9. Be3 Nf6 10. Nc5 Bc8 11. Qa4 O-O 12. Rd1 Qc7 13. b4 Bg4 14. f3 Bf5 15. Na3
Rad8 16. Bf2 h6 17. h3 b6 18. e4 bxc5 19. exf5 cxb4 20. cxb4 Nd4 21. Nb5 Nxb5
22. Qxb5 Rb8 23. Qa5 Qxa5 24. bxa5 Rb5 25. Re1 Bc5 26. Bxc5 Rxc5 27. Rxe5 Rxa5
28. Re2 Rd8 29. Rd1 d4 30. Red2 Rad5 31. f4 R5d6 32. g4 g6 33. fxg6 fxg6 34. Kf2
g5 35. fxg5 hxg5 36. Re1 Rf8 37. Kg3 Kg7 38. Re5 Kh6 39. h4 gxh4+ 40. Kxh4 Kg7
41. g5 Nd7 42. Ra5 a6 43. Bb7 d3 44. Kg3 Re8 45. Rxa6 1/2-1/2

[Event "Andranik Margaryan Mem"]
[Site "Yerevan ARM"]
[Date "2017.01.11"]
[Round "4.3"]
[White "Bogdanovich, Stanislav"]
[Black "Hakobyan, Aram"]
[Result "1-0"]
[WhiteTitle "IM"]
[BlackTitle "FM"]
[WhiteElo "2595"]
[BlackElo "2422"]
[WhiteFideId "14115298"]
[BlackFideId "13306677"]
[EventDate "2017.01.08"]

1. d4 Nf6 2. c4 e6 3. g3 Bb4+ 4. Nd2 c5 5. a3 Bxd2+ 6. Qxd2 cxd4 7. Qxd4 Nc6 8.
Qd1 d5 9. cxd5 Qxd5 10. Qxd5 Nxd5 11. Nf3 e5 12. Bg2 Be6 13. Ng5 Nd4 14. Nxe6
fxe6 15. Rb1 O-O 16. Be4 Rac8 17. f3 b6 18. Bd3 Nc2+ 19. Kd2 Nce3 20. b3 Rc3 21.
Bb2 Rxb3 22. Rhc1 Rd8 23. a4 Nf5 24. Bxe5 Ra3 25. g4 Nfe7 26. Ra1 Rxa1 27. Bxa1
Kf7 28. Ke1 h6 29. h4 g6 30. Kf2 Rd7 31. Be5 h5 32. gxh5 gxh5 33. Rg1 Nf6 34.
Rg5 Rd5 35. Ke1 Ra5 36. Bxf6 Kxf6 37. Rxa5 bxa5 38. e3 Nd5 39. Kd2 Nb6 40. Bc2
e5 41. Bb3 Nc8 42. Bc2 Nd6 43. Bd3 Kf7 44. f4 Kf6 45. fxe5+ Kxe5 46. Kc3 Kd5 47.
Bh7 Ne8 48. Bg6 Nf6 49. Kd3 Ke5 50. Ke2 Nd5 51. Kf3 Nf6 52. Kf2 Ke6 53. Kg3 Ke5
54. Kf3 Ke6 55. Bc2 Ke5 56. Bd3 Nd5 57. Bc4 Nf6 58. Bb5 Kf5 59. Ba6 Ke5 60. Bb7
Nd7 61. Bc6 Nf6 62. Ke2 Kd6 63. Bf3 Ke6 64. Kd3 Ke5 65. Kc3 a6 66. Kd2 Kd6 67.
Kd3 Nd7 68. Kd4 Nc5 69. Bd1 Ne6+ 70. Ke4 Ng7 71. Kf4 Ke6 72. e4 Kf6 73. e5+ Kg6
74. Bc2+ Kf7 75. Bb3+ Kg6 76. Bc4 Ne8 77. Bd3+ Kf7 78. Kg5 Ke6 79. Kxh5 Kxe5 80.
Kg6 Nf6 81. h5 Nd5 82. h6 Nf4+ 83. Kf7 Nxd3 84. h7 Kd5 85. h8=Q Ne5+ 86. Kf6
Nd7+ 87. Kf5 Nc5 88. Qc3 1-0

[Event "Andranik Margaryan Mem"]
[Site "Yerevan ARM"]
[Date "2017.01.11"]
[Round "4.4"]
[White "Paravyan, David"]
[Black "Mikaelyan, Arman"]
[Result "1-0"]
[WhiteTitle "IM"]
[BlackTitle "IM"]
[WhiteElo "2540"]
[BlackElo "2432"]
[WhiteFideId "4194985"]
[BlackFideId "13304852"]
[EventDate "2017.01.08"]

1. e4 e5 2. Nf3 Nc6 3. Bb5 a6 4. Ba4 Nf6 5. O-O Be7 6. Bxc6 dxc6 7. d3 Nd7 8.
Be3 O-O 9. Nbd2 Bd6 10. Nc4 Re8 11. a4 c5 12. Nfd2 Nf8 13. a5 Be6 14. Nxd6 cxd6
15. Nc4 Qc7 16. Nb6 Rad8 17. c4 Nd7 18. Nd5 Bxd5 19. cxd5 Rb8 20. Qc2 b5 21.
axb6 Rxb6 22. b4 Rxb4 23. Rxa6 Rb6 24. Rfa1 Reb8 25. h3 Kf8 26. Kh2 Rxa6 27.
Rxa6 Rb6 28. Ra1 Qb7 29. Qa4 Rb3 30. Qc6 Rb6 31. Ra8+ Ke7 32. Qa4 Rb4 33. Qa5
Qb6 34. Qa2 Rb2 35. Qa4 Rb4 36. Qc6 Qb7 37. Rg8 h6 38. Rxg7 Nf6 39. Qxb7+ Rxb7
40. Bxh6 c4 41. dxc4 Nxe4 42. f3 Nc5 43. Bg5+ Kf8 44. Rh7 Nd7 45. Rh6 Rb6 46.
Rh8+ Kg7 47. Rc8 Rb4 48. Be7 Nb6 49. Bxd6 1-0

[Event "Andranik Margaryan Mem"]
[Site "Yerevan ARM"]
[Date "2017.01.11"]
[Round "4.5"]
[White "Baghdasaryan, Vahe"]
[Black "Hayrapetyan, Hovik"]
[Result "0-1"]
[WhiteTitle "IM"]
[BlackTitle "GM"]
[WhiteElo "2490"]
[BlackElo "2498"]
[WhiteFideId "13303139"]
[BlackFideId "13302639"]
[EventDate "2017.01.08"]

1. e4 c5 2. Nf3 e6 3. d4 cxd4 4. Nxd4 a6 5. c4 Nf6 6. Nc3 Qc7 7. a3 b6 8. Be3
Bb7 9. f3 d6 10. Be2 Be7 11. O-O O-O 12. Rc1 Nbd7 13. Qe1 Rac8 14. Qf2 Qb8 15.
Rfd1 Bd8 16. b4 Bc7 17. g3 Rfe8 18. Nb3 h6 19. a4 Red8 20. a5 bxa5 21. Ba7 Qa8
22. Nxa5 Nc5 23. Bxc5 dxc5 24. Qxc5 Qb8 25. Rxd8+ Bxd8 26. Qe3 Bxe4 27. Nxe4
Qxb4 28. Nb3 Nxe4 29. fxe4 Bg5 30. Qc3 Qb6+ 31. Kg2 Bxc1 32. Nxc1 a5 33. Qc2 Qe3
34. Kf1 a4 35. Nd3 a3 36. Qa4 Rb8 37. Nb4 Rxb4 38. Qxb4 Qc1+ 39. Kf2 a2 40. e5
a1=Q 0-1

[Event "Andranik Margaryan Mem"]
[Site "Yerevan ARM"]
[Date "2017.01.12"]
[Round "5.1"]
[White "Hayrapetyan, Hovik"]
[Black "Babujian, Levon"]
[Result "1-0"]
[WhiteTitle "GM"]
[BlackTitle "GM"]
[WhiteElo "2498"]
[BlackElo "2434"]
[WhiteFideId "13302639"]
[BlackFideId "13301993"]
[EventDate "2017.01.08"]

1. d4 Nf6 2. Nf3 e6 3. e3 c5 4. Bd3 Nc6 5. O-O Be7 6. dxc5 Bxc5 7. a3 a5 8. c4
O-O 9. b3 d5 10. Bb2 dxc4 11. Bxc4 Qe7 12. Qc2 e5 13. Nc3 Be6 14. Ng5 Rad8 15.
Nxe6 fxe6 16. Ne4 Nxe4 17. Qxe4 Rf6 18. Rad1 Rxd1 19. Rxd1 Bxa3 20. Bxe5 Nxe5
21. Qxe5 Bc5 22. g3 b6 23. Qe4 Qe8 24. Qe5 Kh8 25. Rd3 Bf8 26. Rd4 a4 27. bxa4
Qxa4 28. Bxe6 Qa1+ 29. Kg2 b5 30. Re4 Qxe5 31. Rxe5 b4 32. Bd5 Bd6 33. Re8+ Rf8
34. Re6 Rf6 35. Re4 g6 36. f4 Bc5 37. Kf3 Ra6 38. Rc4 Ra5 39. Be4 b3 40. Bb1 b2
41. Rc2 Rb5 42. e4 Rb3+ 43. Kg4 Bd4 44. e5 Bc3 45. Re2 Rb7 46. Re3 Rc7 47. Ba2
Kg7 48. Rd3 h5+ 49. Kf3 Bb4 50. Rb3 Rc3+ 51. Rxc3 Bxc3 52. Ke4 Be1 53. Kf3 Bc3
54. Bb1 Bd4 55. Ke4 Bg1 56. h3 Bf2 57. g4 hxg4 58. hxg4 Bg3 59. f5 gxf5+ 60.
gxf5 Bh4 61. Kd5 Kf7 62. Kd6 Be7+ 63. Kd7 Bh4 64. Ba2+ Kf8 65. Ke6 Be1 66. f6
Bc3 67. Kf5 Ba5 68. e6 Bb4 69. Bb1 Ke8 70. Bc2 Ba3 71. Ke5 Bb4 72. Kd5 Kd8 73.
Bg6 Bf8 74. Ke5 Bb4 75. Kf4 Bd2+ 76. Kg4 Bb4 77. Kh5 Bf8 78. Bd3 Ke8 79. Kg6 Bb4
80. Kg7 Bf8+ 81. Kg8 Bh6 82. Bg6+ 1-0

[Event "Andranik Margaryan Mem"]
[Site "Yerevan ARM"]
[Date "2017.01.12"]
[Round "5.2"]
[White "Mikaelyan, Arman"]
[Black "Baghdasaryan, Vahe"]
[Result "1-0"]
[WhiteTitle "IM"]
[BlackTitle "IM"]
[WhiteElo "2432"]
[BlackElo "2490"]
[WhiteFideId "13304852"]
[BlackFideId "13303139"]
[EventDate "2017.01.08"]

1. d4 d5 2. Nf3 Nf6 3. Bf4 c5 4. e3 Nc6 5. Nbd2 cxd4 6. exd4 g6 7. c3 Bg7 8. Bd3
O-O 9. O-O Nh5 10. Be3 f6 11. Re1 e5 12. dxe5 fxe5 13. Bg5 Qd7 14. Qb3 Kh8 15.
c4 e4 16. cxd5 Na5 17. Qa3 exf3 18. Qxa5 fxg2 19. Nc4 Qg4 20. Qd2 Bd4 21. Re4
Bxf2+ 22. Qxf2 Rxf2 23. Rxg4 Rf1+ 24. Bxf1 gxf1=Q+ 25. Rxf1 Bxg4 26. Rf7 Kg8 27.
Rxb7 Bf3 28. Rd7 h6 29. Bxh6 Nf6 30. Rg7+ Kh8 31. Ne5 1-0